[Event "European Women-ch 2023"]
[Site "Petrovac"]
[Date "2023.03.25"]
[Round "7.8"]
[White "Tsolakidou, Stavroula"]
[Black "Sandu, Mihaela"]
[Result "1-0"]
[WhiteElo "2358"]
[BlackElo "2211"]
[Annotator "TA"]
[PlyCount "129"]
[EventDate "2023.03.15"]
[EventType "swiss"]
[EventCountry "MNE"]
[SourceTitle "playchess.com"]
[Source "ChessBase"]
[SourceQuality "1"]

1. e4 e5 2. Nf3 Nc6 3. Bb5 a6 4. Ba4 Nf6 5. O-O Be7 6. Re1 b5 7. Bb3 d6 8. c3 O-O 9. h3 Nb8 10. d4 Nbd7 11. c4 Bb7 12. Nc3 c6 13. Qc2 exd4 14. Nxd4 b4 15. Na4 g6 16. Bh6 c5 17. Bxf8 Bxf8 18. Nf3 Qe7 19. Qd1 Nh5 20. Bc2 Nf4 21. b3 Re8 22. Nb2 Bg7 23. Rb1 Ne5 24. Nxe5 Bxe5 25. Qf3 h5 26. Nd1 Qg5 27. Ne3 Bc8 28. Kf1 Ne6 29. Nd5 Kg7 30. Bd3 Qh4 31. g3 Qxh3+ 32. Qg2 Qxg2+ 33. Kxg2 Bd4 34. f4 Nd8 35. Be2 f6 36. Rbd1 Nc6 37. Bf3 Nd8 38. Rh1 a5 39. Nc7 Re7 40. Nb5 Ne6 41. Nxd6 Bd7 42. Bxh5 gxh5 43. Nf5+ Kf7 44. Nxe7 Kxe7 45. Rxh5 Bc6 46. Rd5 Nc7 47. Re1 a4 48. Kf3 a3 49. Rh5 Ne8 50. Rh7+ Kd6 51. Ra7 Nc7 52. Rh1 Ne6 53. Ra6 Bc3 54. Rh7 Nd4+ 55. Kf2 Ne6 56. e5+ fxe5 57. f5 Nd4 58. f6 Ne6 59. f7 Bd4+ 60. Ke2 Nf8 61. Rxc6+ Kxc6 62. Rh8 Kd7 63. Rxf8 Ke7 64. Rc8 Kxf7 65. Kf3 1-0

[Event "European Women-ch 2023"]
[Site "Petrovac"]
[Date "2023.03.25"]
[Round "7.8"]
[White "Mkrtchyan, Mariam"]
[Black "Buksa, Nataliya"]
[Result "1/2-1/2"]
[WhiteElo "2343"]
[BlackElo "2405"]
[Annotator "TA"]
[PlyCount "45"]
[EventDate "2023.03.15"]
[EventType "swiss"]
[EventCountry "MNE"]
[SourceTitle "playchess.com"]
[Source "ChessBase"]
[SourceQuality "1"]

1. d4 Nf6 2. c4 e6 3. Nc3 d5 4. cxd5 exd5 5. Bg5 Bb4 6. e3 h6 7. Bh4 g5 8. Bg3 h5 9. f3 h4 10. Bf2 Bf5 11. Bd3 Qd7 12. Nge2 Nc6 13. a3 Bxc3+ 14. Nxc3 O-O-O 15. Na4 Nxd4 16. Nc5 Qe7 17. Rc1 Bxd3 18. Qxd3 Ne6 19. Nxb7 Kxb7 20. Qb5+ Kc8 21. Qa6+ Kb8 22. Qb5+ Kc8 23. Qa6+ 1/2-1/2

[Event "European Women-ch 2023"]
[Site "Petrovac"]
[Date "2023.03.25"]
[Round "7.8"]
[White "Pirvulescu, Ekaterina"]
[Black "Berke, Ana"]
[Result "1/2-1/2"]
[WhiteElo "2032"]
[BlackElo "2107"]
[Annotator "TA"]
[PlyCount "120"]
[EventDate "2023.03.15"]
[EventType "swiss"]
[EventCountry "MNE"]
[SourceTitle "playchess.com"]
[Source "ChessBase"]
[SourceQuality "1"]

1. e4 c5 2. Nf3 e6 3. d4 cxd4 4. Nxd4 a6 5. Bd3 Nc6 6. Nxc6 bxc6 7. O-O Qc7 8. Qe2 e5 9. f4 Bc5+ 10. Kh1 d6 11. fxe5 dxe5 12. Bc4 Nf6 13. Bg5 Be7 14. Nc3 O-O 15. Bxf6 Bxf6 16. Nd1 Qe7 17. Ne3 g6 18. Rf3 Bg5 19. Raf1 Be6 20. b3 Bxe3 21. Rxe3 a5 22. a4 Rad8 23. Bxe6 Qxe6 24. Rd3 Rd4 25. Rxd4 exd4 26. Re1 Re8 27. Qa6 Qe5 28. Qxc6 f5 29. Qc4+ Kg7 30. Rd1 fxe4 31. Qxd4 Qxd4 32. Rxd4 e3 33. Rd1 Rc8 34. c4 Rb8 35. Rc1 Rxb3 36. c5 e2 37. Kg1 Rc3 38. Re1 Rxc5 39. Rxe2 Rc4 40. Ra2 g5 41. Kf2 Kf6 42. Ke3 g4 43. g3 h5 44. Kd3 Rb4 45. Rc2 Rxa4 46. Rc6+ Kg7 47. Rc7+ Kg8 48. Rc5 h4 49. Rg5+ Kf7 50. gxh4 Kf6 51. Kc3 Ra3+ 52. Kb2 Ra4 53. Kb3 Rf4 54. Ka3 Rf3+ 55. Ka4 Rf4+ 56. Ka3 a4 57. Ka2 Re4 58. Ka3 Rd4 59. Ka2 Rf4 60. Ka3 Rd4 1/2-1/2

[Event "European Women-ch 2023"]
[Site "Petrovac"]
[Date "2023.03.25"]
[Round "7.9"]
[White "Vega Gutierrez, Sabrina"]
[Black "Maltsevskaya, Aleksandra"]
[Result "0-1"]
[WhiteElo "2361"]
[BlackElo "2388"]
[Annotator "TA"]
[PlyCount "128"]
[EventDate "2023.03.15"]
[EventType "swiss"]
[EventCountry "MNE"]
[SourceTitle "playchess.com"]
[Source "ChessBase"]
[SourceQuality "1"]

1. e4 c5 2. Nf3 g6 3. d4 cxd4 4. Nxd4 Nc6 5. c4 Nf6 6. Nc3 Nxd4 7. Qxd4 d6 8. Be2 Bg7 9. Be3 O-O 10. Qd3 a5 11. O-O a4 12. f4 Bd7 13. Rad1 Bc6 14. Kh1 Qa5 15. Bd4 Nd7 16. Bxg7 Kxg7 17. Nd5 Bxd5 18. exd5 Qb4 19. Qd4+ Kg8 20. Rf3 Rac8 21. Re3 Rfe8 22. f5 Ne5 23. a3 Qc5 24. Qf4 Kg7 25. Rh3 h5 26. fxg6 fxg6 27. Rxh5 Rh8 28. Rxe5 dxe5 29. Qxe5+ Kg8 30. Qe6+ Kg7 31. d6 Qg5 32. h3 exd6 33. Qd7+ Kh6 34. Rd4 Rce8 35. Rg4 Qf6 36. Bf3 Re1+ 37. Kh2 Rf8 38. Qxb7 Qe5+ 39. g3 Qe7 40. Qxe7 Rxe7 41. Be4 Rf2+ 42. Kg1 Rxb2 43. Rxg6+ Kh5 44. Rg4 Ra2 45. Rh4+ Kg5 46. Rf4 Rxa3 47. h4+ Kh5 48. Kg2 Rb3 49. Bf3+ Kg6 50. c5 a3 51. cxd6 Rd7 52. g4 Rxd6 53. Ra4 Rd2+ 54. Kg3 Rdd3 55. h5+ Kf6 56. Ra6+ Ke5 57. h6 Rxf3+ 58. Kh4 Rh3+ 59. Kg5 Rb4 60. Ra5+ Kd6 61. Kf5 Kc6 62. Ra8 Kb7 63. Ra5 Rxh6 64. Rxa3 Rc6 0-1

[Event "European Women-ch 2023"]
[Site "Petrovac"]
[Date "2023.03.25"]
[Round "7.9"]
[White "Velikic, Adela"]
[Black "Kostina, Veronika"]
[Result "1-0"]
[WhiteElo "2329"]
[BlackElo "1855"]
[Annotator "TA"]
[PlyCount "133"]
[EventDate "2023.03.15"]
[EventType "swiss"]
[EventCountry "MNE"]
[SourceTitle "playchess.com"]
[Source "ChessBase"]
[SourceQuality "1"]

1. d4 e6 2. c4 Nf6 3. Nf3 b6 4. g3 Bb7 5. Bg2 Bb4+ 6. Bd2 Qe7 7. O-O O-O 8. Bf4 Bd6 9. Bxd6 Qxd6 10. Nc3 Qe7 11. d5 d6 12. Nd4 e5 13. Nf5 Qd8 14. e4 Nbd7 15. Qd2 a5 16. f4 Bc8 17. Rae1 Re8 18. Re2 Nc5 19. fxe5 Rxe5 20. Nd4 Bd7 21. Rfe1 Qe8 22. Qc2 Rc8 23. Nf3 Bg4 24. Re3 Bxf3 25. Bxf3 Ncd7 26. Nb5 Rg5 27. Bg2 Ng4 28. R3e2 Rh5 29. h3 Nge5 30. Re3 Qe7 31. Qe2 Rh6 32. Nd4 Rg6 33. b3 Re8 34. Rf1 Nc5 35. Rf4 Qg5 36. Rf5 Qd8 37. Qf1 Ncd7 38. Rf4 Qg5 39. Nf5 Qd8 40. Qe2 Rf8 41. h4 Nf6 42. Bf3 Nxf3+ 43. Qxf3 Qe8 44. h5 Rg5 45. h6 Nh5 46. hxg7 Nxg7 47. Nh6+ Kh8 48. Nxf7+ Rxf7 49. Rxf7 Rxg3+ 50. Qxg3 Qxf7 51. Rf3 Qe8 52. e5 Nh5 53. Qg5 dxe5 54. Re3 Ng7 55. Rxe5 Qf8 56. Qe7 Qg8 57. Rg5 h6 58. Rg2 Qh7 59. Qd8+ Qg8 60. Qxc7 Qf8 61. Qxb6 Nf5 62. Qc7 Qe8 63. Qf4 Qe1+ 64. Kh2 h5 65. Qb8+ Kh7 66. Qg8+ Kh6 67. Qg6# 1-0

[Event "European Women-ch 2023"]
[Site "Petrovac"]
[Date "2023.03.25"]
[Round "7.9"]
[White "Gajcin, Marina"]
[Black "Brunello, Marina"]
[Result "0-1"]
[WhiteElo "2215"]
[BlackElo "2346"]
[Annotator "TA"]
[PlyCount "88"]
[EventDate "2023.03.15"]
[EventType "swiss"]
[EventCountry "MNE"]
[SourceTitle "playchess.com"]
[Source "ChessBase"]
[SourceQuality "1"]

1. e4 c5 2. Nf3 d6 3. Bb5+ Nd7 4. d4 cxd4 5. Qxd4 a6 6. Bxd7+ Bxd7 7. c4 Nf6 8. Bg5 e6 9. Nc3 h6 10. Bxf6 Qxf6 11. e5 dxe5 12. Nxe5 O-O-O 13. O-O-O Be8 14. Qe3 Kb8 15. f4 Qe7 16. g3 Rc8 17. Qd3 Qc7 18. Rhe1 Bb4 19. f5 f6 20. Nf3 e5 21. b3 Qa5 22. Kb2 Bc6 23. Re3 Bc5 24. Ree1 Rhd8 25. Qe2 Bb4 26. Ne4 Bxe4 27. Qxe4 Bc3+ 28. Kb1 Bxe1 29. Rxe1 Qc3 30. g4 Rd7 31. Rc1 Qd3+ 32. Qxd3 Rxd3 33. Ne1 Rd2 34. Nc2 Rcd8 35. Nb4 R8d4 36. h3 Rh2 37. Nd5 Rdd2 38. Nc3 Rxh3 39. c5 Rhh2 40. Na4 Kc7 41. a3 Kc6 42. b4 Rhg2 43. Nc3 Rb2+ 44. Ka1 Rbc2 0-1

[Event "European Women-ch 2023"]
[Site "Petrovac"]
[Date "2023.03.25"]
[Round "7.10"]
[White "Savina, Anastasia"]
[Black "Gunina, Valentina"]
[Result "1-0"]
[WhiteElo "2345"]
[BlackElo "2478"]
[Annotator "TA"]
[PlyCount "79"]
[EventDate "2023.03.15"]
[EventType "swiss"]
[EventCountry "MNE"]
[SourceTitle "playchess.com"]
[Source "ChessBase"]
[SourceQuality "1"]

1. d4 d5 2. c4 c6 3. Nf3 Nf6 4. Nc3 dxc4 5. a4 Bf5 6. Ne5 Nbd7 7. Nxc4 Nb6 8. Ne5 a5 9. f3 Nfd7 10. e4 Nxe5 11. dxe5 Qxd1+ 12. Nxd1 Be6 13. Nf2 g6 14. Nd3 Bg7 15. f4 Nd7 16. Be2 f5 17. exf5 Bxf5 18. h4 O-O-O 19. Nf2 Nc5 20. Be3 Nb3 21. Rd1 Kc7 22. Bd3 e6 23. h5 Bf8 24. g4 Bxd3 25. Rxd3 Bb4+ 26. Ke2 Nc5 27. Bxc5 Bxc5 28. Rxd8 Rxd8 29. Ne4 Kb6 30. Ng5 Rd4 31. Nxh7 gxh5 32. gxh5 Rxf4 33. Nf6 Rf2+ 34. Kd3 Rf3+ 35. Ke4 Re3+ 36. Kf4 Rd3 37. h6 Rd4+ 38. Kf3 Rd3+ 39. Ke2 Re3+ 40. Kd2 1-0

[Event "European Women-ch 2023"]
[Site "Petrovac"]
[Date "2023.03.25"]
[Round "7.10"]
[White "Zhukova, Natalia"]
[Black "Richterova, Natasa"]
[Result "1-0"]
[WhiteElo "2322"]
[BlackElo "2190"]
[Annotator "TA"]
[PlyCount "150"]
[EventDate "2023.03.15"]
[EventType "swiss"]
[EventCountry "MNE"]
[SourceTitle "playchess.com"]
[Source "ChessBase"]
[SourceQuality "1"]

1. d4 d5 2. c4 c6 3. Nf3 Nf6 4. Nc3 a6 5. e3 b5 6. b3 Bg4 7. Be2 Nbd7 8. h3 Bxf3 9. Bxf3 e6 10. O-O Rc8 11. Qe2 Be7 12. a4 b4 13. Nb1 O-O 14. Bb2 Ne4 15. Bxe4 dxe4 16. Nd2 f5 17. c5 a5 18. Qc4 Rf6 19. f3 exf3 20. Rxf3 Kh8 21. Raf1 Rg6 22. Qc2 Qc7 23. Nc4 Rf8 24. e4 fxe4 25. Rxf8+ Bxf8 26. Qxe4 Kg8 27. Qf4 Qxf4 28. Rxf4 e5 29. Rf5 Re6 30. dxe5 Bxc5+ 31. Kf1 Bb6 32. Nxb6 Nxb6 33. Ke2 Nd7 34. Kd3 g6 35. Rg5 Kf7 36. Kc4 h6 37. Rg3 Nxe5+ 38. Bxe5 Rxe5 39. Rd3 Ke7 40. Rg3 Kf6 41. Rd3 Ke7 42. Rg3 g5 43. Rd3 h5 44. Rd2 h4 45. Rd4 Rf5 46. Rd2 Ke6 47. Rd8 Ke5 48. Kc5 Kf4+ 49. Kxc6 Kg3 50. Rd2 Rf2 51. Rd5 g4 52. hxg4 Kxg4 53. Rxa5 Rb2 54. Ra8 Rxb3 55. Rg8+ Kf4 56. Rh8 Kg3 57. Rg8+ Kf2 58. Rg4 Rb1 59. Rxh4 Kg3 60. Rc4 b3 61. Rb4 b2 62. Kb5 Kxg2 63. a5 Kf3 64. a6 Ke3 65. Kb6 Rh1 66. Rxb2 Rh6+ 67. Ka5 Rh5+ 68. Rb5 Rh7 69. Rb7 Rh5+ 70. Kb4 Rh4+ 71. Kb3 Rh1 72. a7 Ra1 73. Kb2 Ra6 74. Rb3+ Kd4 75. Ra3 Kd5 1-0

[Event "European Women-ch 2023"]
[Site "Petrovac"]
[Date "2023.03.25"]
[Round "7.10"]
[White "Ibrahimova, Sabina"]
[Black "Slaba, Andrea"]
[Result "1-0"]
[WhiteElo "2207"]
[BlackElo "2061"]
[Annotator "TA"]
[PlyCount "117"]
[EventDate "2023.03.15"]
[EventType "swiss"]
[EventCountry "MNE"]
[SourceTitle "playchess.com"]
[Source "ChessBase"]
[SourceQuality "1"]

1. e4 c6 2. d4 d5 3. f3 g6 4. Nc3 Bg7 5. Be3 dxe4 6. fxe4 Nf6 7. Nf3 Ng4 8. Bf4 e5 9. dxe5 Qxd1+ 10. Rxd1 Nd7 11. e6 fxe6 12. h3 Nge5 13. Nd4 Nb6 14. Be2 O-O 15. O-O Nf7 16. Bc1 Bd7 17. a4 Ne5 18. a5 Rxf1+ 19. Bxf1 Nbc4 20. Nb3 Be8 21. Nc5 Nxa5 22. Nxe6 Bf6 23. Bf4 Nac4 24. b3 Nb6 25. Ne2 Nbd7 26. N2d4 Bf7 27. Ng5 a6 28. Ndf3 Re8 29. Be2 Re7 30. Bc1 Re8 31. Rf1 h6 32. Nxe5 Nxe5 33. Rxf6 hxg5 34. Rd6 Be6 35. Kf2 Nf7 36. Rd1 Ra8 37. Ke3 a5 38. Kd4 b6 39. Rf1 a4 40. Rf6 Nd8 41. Bxg5 Bf7 42. Kc3 axb3 43. cxb3 Ne6 44. Be3 Kg7 45. Rf1 c5 46. Bc4 Ra2 47. g4 Nd8 48. Bg5 Bxc4 49. Kxc4 Nc6 50. Kb5 Nd4+ 51. Kc4 Rc2+ 52. Kd5 Nxb3 53. Ke6 Re2 54. Bf6+ Kg8 55. e5 Rd2 56. Bg5 Rd3 57. Ke7 Nd4 58. Rf8+ Kg7 59. Bf6+ 1-0

[Event "European Women-ch 2023"]
[Site "Petrovac"]
[Date "2023.03.25"]
[Round "7.11"]
[White "Ovod, Evgenija"]
[Black "Efroimski, Marsel"]
[Result "1/2-1/2"]
[WhiteElo "2305"]
[BlackElo "2451"]
[Annotator "TA"]
[PlyCount "128"]
[EventDate "2023.03.15"]
[EventType "swiss"]
[EventCountry "MNE"]
[SourceTitle "playchess.com"]
[Source "ChessBase"]
[SourceQuality "1"]

1. e4 e6 2. d4 d5 3. Nd2 c5 4. Ngf3 cxd4 5. Nxd4 Nc6 6. Bb5 Bd7 7. Nxc6 bxc6 8. Bd3 Qc7 9. Qe2 Ne7 10. e5 Ng6 11. Nf3 f6 12. Bxg6+ hxg6 13. O-O g5 14. h3 c5 15. c4 d4 16. Ne1 Qxe5 17. Qxe5 fxe5 18. Nf3 g4 19. hxg4 e4 20. Ng5 Bd6 21. Nxe4 Bh2+ 22. Kh1 Bg3+ 23. Kg1 Bh2+ 24. Kh1 O-O-O 25. Ng5 Rdf8 26. Nh3 Bc7 27. Bg5 Bc6 28. Kg1 Rxh3 29. gxh3 Rf3 30. h4 Rh3 31. f4 e5 32. Rae1 exf4 33. Bxf4 Rh1+ 34. Kf2 Rxf1+ 35. Rxf1 Bxf4 36. Ke2 Bg3 37. Rf5 Be4 38. Rxc5+ Kb7 39. Rg5 g6 40. h5 d3+ 41. Ke3 Bf4+ 42. Kxf4 d2 43. Kxe4 d1=Q 44. hxg6 Qc2+ 45. Ke5 Qxb2+ 46. Ke6 Qb6+ 47. Kf7 Qc7+ 48. Kf6 Qd8+ 49. Kf5 Qf8+ 50. Ke6 Qg7 51. Rb5+ Kc6 52. Kf5 Kd6 53. Kg5 Ke6 54. Rf5 Qd4 55. a4 a5 56. Kh5 Qh8+ 57. Kg5 Qc3 58. Kh5 Ke7 59. Rf7+ Ke8 60. Rf5 Qh8+ 61. Kg5 Qb2 62. Kh6 Qh8+ 63. Kg5 Qa1 64. Kh6 Qh8+ 1/2-1/2

[Event "European Women-ch 2023"]
[Site "Petrovac"]
[Date "2023.03.25"]
[Round "7.11"]
[White "Kubicka, Anna"]
[Black "Klek, Hanna Marie"]
[Result "1-0"]
[WhiteElo "2211"]
[BlackElo "2314"]
[Annotator "TA"]
[PlyCount "97"]
[EventDate "2023.03.15"]
[EventType "swiss"]
[EventCountry "MNE"]
[SourceTitle "playchess.com"]
[Source "ChessBase"]
[SourceQuality "1"]

1. e4 c5 2. Nf3 Nc6 3. Nc3 e5 4. Bc4 Be7 5. Nd5 d6 6. c3 Nf6 7. Qe2 Nd7 8. O-O Nb6 9. Bb3 Bg4 10. h3 Bh5 11. Nxb6 axb6 12. d3 h6 13. Qe3 Qd7 14. d4 exd4 15. cxd4 Bxf3 16. Qxf3 Bf6 17. dxc5 bxc5 18. Bd5 O-O 19. Qe2 Nb4 20. Bc4 Qe7 21. a3 Rfe8 22. Be3 Nc6 23. Bd5 Ra6 24. Rab1 Qd7 25. Qb5 Qc7 26. b4 cxb4 27. axb4 Rea8 28. Rfc1 Qe7 29. Qf1 Ra4 30. b5 Nd8 31. Rc4 Ra3 32. Rbc1 Bb2 33. Rd1 Ne6 34. Qe2 Be5 35. g3 Kh7 36. Kg2 g6 37. Rdc1 Rb3 38. b6 Rb2 39. R1c2 Raa2 40. Rc8 Qd7 41. Bxa2 Rxa2 42. Rxa2 Qxc8 43. Qc2 Qd7 44. Qc4 g5 45. Ra8 Qe7 46. Qc8 Kg6 47. Rb8 d5 48. Rxb7 Qb4 49. Qg8+ 1-0

[Event "European Women-ch 2023"]
[Site "Petrovac"]
[Date "2023.03.25"]
[Round "7.11"]
[White "Walter, Ema"]
[Black "Pavlidou, Ekaterini"]
[Result "1/2-1/2"]
[WhiteElo "2048"]
[BlackElo "2178"]
[Annotator "TA"]
[PlyCount "163"]
[EventDate "2023.03.15"]
[EventType "swiss"]
[EventCountry "MNE"]
[SourceTitle "playchess.com"]
[Source "ChessBase"]
[SourceQuality "1"]

1. e4 c5 2. Nf3 Nc6 3. Bb5 g6 4. O-O Bg7 5. Re1 Nd4 6. Bf1 d6 7. c3 Nxf3+ 8. Qxf3 e6 9. Na3 Ne7 10. Nc2 O-O 11. d3 Nc6 12. Be3 e5 13. Qd1 f5 14. f3 f4 15. Bf2 Qf6 16. Qe2 g5 17. Rad1 Qg6 18. d4 cxd4 19. cxd4 g4 20. Kh1 g3 21. Bg1 gxh2 22. Bf2 Kh8 23. Qb5 Bf6 24. dxe5 Bxe5 25. Nb4 Rg8 26. Re2 Bh3 27. Be1 Nd4 28. Rxd4 Bxd4 29. Nd5 Qg5 30. Qxb7 Rae8 31. Bc3 Bxc3 32. Nxc3 Qc5 33. Kxh2 Be6 34. Qb5 Qxb5 35. Nxb5 Bc4 36. Re1 Bxf1 37. Rxf1 Rb8 38. a4 a6 39. Nxd6 Rxb2 40. Nf7+ Kg7 41. Ne5 Kf6 42. Ng4+ Ke7 43. Rf2 Rb1 44. Rc2 h5 45. Nh6 Rd8 46. g3 Rdd1 47. gxf4 Rh1+ 48. Kg3 Rbg1+ 49. Kf2 Rh2+ 50. Kxg1 Rxc2 51. Nf5+ Kf6 52. Ne3 Ra2 53. Nd5+ Kg7 54. Nb6 h4 55. f5 Kh6 56. Nd5 Rxa4 57. Kg2 Rd4 58. Nf4 a5 59. f6 Rd2+ 60. Kh3 a4 61. e5 a3 62. e6 a2 63. e7 a1=Q 64. e8=Q Qh1+ 65. Kg4 Qg1+ 66. Kf5 Qc5+ 67. Qe5 Qc2+ 68. Kg4 Qc8+ 69. Qf5 Qxf5+ 70. Kxf5 Rf2 71. Kg4 Kh7 72. Nh3 Rg2+ 73. Kxh4 Kg8 74. Nf4 Rg1 75. Nh3 Rg6 76. f4 Kf7 77. Ng5+ Kxf6 78. Kg4 Rg8 79. Kf3 Ra8 80. Ne4+ Kf5 81. Ng3+ Kf6 82. Ke4 1/2-1/2

[Event "European Women-ch 2023"]
[Site "Petrovac"]
[Date "2023.03.25"]
[Round "7.12"]
[White "Beydullayeva, Govhar"]
[Black "Urh, Zala"]
[Result "1-0"]
[WhiteElo "2388"]
[BlackElo "2294"]
[Annotator "TA"]
[PlyCount "81"]
[EventDate "2023.03.15"]
[EventType "swiss"]
[EventCountry "MNE"]
[SourceTitle "playchess.com"]
[Source "ChessBase"]
[SourceQuality "1"]

1. d4 d5 2. c4 c6 3. Nc3 Nf6 4. Nf3 e6 5. Bg5 dxc4 6. e4 b5 7. e5 h6 8. Bh4 g5 9. Nxg5 hxg5 10. Bxg5 Nbd7 11. g3 Bb7 12. Bg2 Qb6 13. exf6 O-O-O 14. O-O c5 15. d5 b4 16. Na4 Qa6 17. a3 Bxd5 18. Bxd5 Ne5 19. axb4 Rxd5 20. Qe2 cxb4 21. Nc3 Qd6 22. Nxd5 Qxd5 23. f3 Nd3 24. Be3 Bc5 25. Bxc5 Qxc5+ 26. Kh1 Rd8 27. Ra4 Rd5 28. Rfa1 Re5 29. Qd2 Rd5 30. Qe2 Re5 31. Qc2 Qc6 32. Rxa7 Qxf3+ 33. Qg2 Qxg2+ 34. Kxg2 Re2+ 35. Kh3 Ne5 36. R1a5 b3 37. Rc5+ Kd8 38. Raa5 Rxb2 39. Rxe5 c3 40. Ra7 c2 41. Rh5 1-0

[Event "European Women-ch 2023"]
[Site "Petrovac"]
[Date "2023.03.25"]
[Round "7.12"]
[White "Toncheva, Nadya"]
[Black "Garcia Martin, Marta"]
[Result "1/2-1/2"]
[WhiteElo "2192"]
[BlackElo "2306"]
[Annotator "TA"]
[PlyCount "129"]
[EventDate "2023.03.15"]
[EventType "swiss"]
[EventCountry "MNE"]
[SourceTitle "playchess.com"]
[Source "ChessBase"]
[SourceQuality "1"]

1. e4 e5 2. Nf3 Nc6 3. Bb5 a6 4. Ba4 d6 5. O-O Bd7 6. c4 Nf6 7. Nc3 Bg4 8. h3 Bxf3 9. Qxf3 Nd7 10. d3 Nd4 11. Qg4 c6 12. f4 g6 13. fxe5 Nxe5 14. Qg3 Bg7 15. Be3 Ne6 16. Bc2 b5 17. cxb5 axb5 18. a3 O-O 19. Rad1 Rb8 20. Ne2 b4 21. d4 Nc4 22. Bc1 bxa3 23. bxa3 Qb6 24. Kh1 d5 25. exd5 cxd5 26. Nf4 Nxd4 27. Nxd5 Qc5 28. Be4 f5 29. Bf3 Rb3 30. Qc7 Qxc7 31. Nxc7 Nxf3 32. Rxf3 Rxf3 33. gxf3 Rc8 34. Nd5 Kf7 35. a4 Ra8 36. Nc7 Rc8 37. Rd7+ Kg8 38. Ne6 Bf6 39. Rc7 Re8 40. Rxc4 Rxe6 41. a5 Re1+ 42. Kg2 Re2+ 43. Kg3 Ra2 44. Rc6 Kf7 45. a6 Bd4 46. Bg5 Bg1 47. f4 Ra3+ 48. Kg2 Be3 49. h4 Bd4 50. Bd8 Ke8 51. Bc7 Kd7 52. Rd6+ Kxc7 53. Rxd4 Rxa6 54. h5 Rd6 55. Ra4 Kc6 56. Kg3 Rd1 57. Ra7 Rg1+ 58. Kf3 Rf1+ 59. Kg3 Rh1 60. Rxh7 Rxh5 61. Rxh5 gxh5 62. Kh4 Kd5 63. Kxh5 Ke6 64. Kg6 Ke7 65. Kxf5 1/2-1/2

[Event "European Women-ch 2023"]
[Site "Petrovac"]
[Date "2023.03.25"]
[Round "7.12"]
[White "Mayrhuber, Nikola"]
[Black "Skvortsova, Alena"]
[Result "1-0"]
[WhiteElo "2162"]
[BlackElo "2032"]
[Annotator "TA"]
[PlyCount "65"]
[EventDate "2023.03.15"]
[EventType "swiss"]
[EventCountry "MNE"]
[SourceTitle "playchess.com"]
[Source "ChessBase"]
[SourceQuality "1"]

1. d4 d5 2. c4 c6 3. Nf3 Nf6 4. e3 e6 5. Bd3 Ne4 6. O-O Bd6 7. b3 Qe7 8. Qc2 f5 9. Ne5 Nd7 10. Bb2 O-O 11. f3 Ng5 12. Nd2 Nxe5 13. dxe5 Bc5 14. Rae1 h6 15. Kh1 a5 16. f4 Ne4 17. Nf3 Bd7 18. cxd5 cxd5 19. Bd4 Ba3 20. Qe2 Rfc8 21. Ba1 Rc7 22. Nd4 Rac8 23. g4 Bc5 24. gxf5 exf5 25. Bxe4 dxe4 26. e6 Bxe6 27. Nb5 Rd7 28. Rg1 Qe8 29. Qb2 Bf8 30. Nd6 Bxd6 31. Rxg7+ Kf8 32. Qf6+ Rf7 33. Rg8+ 1-0

[Event "European Women-ch 2023"]
[Site "Petrovac"]
[Date "2023.03.25"]
[Round "7.13"]
[White "Zimina, Olga"]
[Black "Donghvani, Nia"]
[Result "1/2-1/2"]
[WhiteElo "2295"]
[BlackElo "2025"]
[Annotator "TA"]
[PlyCount "90"]
[EventDate "2023.03.15"]
[EventType "swiss"]
[EventCountry "MNE"]
[SourceTitle "playchess.com"]
[Source "ChessBase"]
[SourceQuality "1"]

1. d4 Nf6 2. Nf3 g6 3. Bg5 Bg7 4. Nbd2 d5 5. e3 O-O 6. Bd3 c5 7. c3 Nbd7 8. O-O b6 9. Bh4 Bb7 10. Ne5 Ne4 11. f4 Nxe5 12. fxe5 f6 13. Nxe4 dxe4 14. Bc4+ Kh8 15. dxc5 bxc5 16. Qxd8 Raxd8 17. Rad1 g5 18. Bg3 Bc6 19. exf6 Bxf6 20. h3 Kg7 21. Rxd8 Rxd8 22. Rf5 Rd1+ 23. Kh2 Rd2 24. Rxc5 Be8 25. b4 Bh5 26. a4 Bf3 27. Bf1 Be2 28. Bxe2 Rxe2 29. h4 h6 30. hxg5 hxg5 31. c4 Rxe3 32. a5 Rb3 33. b5 e3 34. Rf5 Kg6 35. Rf1 Bc3 36. a6 e2 37. Rc1 Bd2 38. Ra1 Be3 39. Re1 Rb2 40. Be5 Rc2 41. Kg3 Kf5 42. Bc7 Bc5 43. b6 Bxb6 44. Bxb6 axb6 45. Kf2 Ra2 1/2-1/2

[Event "European Women-ch 2023"]
[Site "Petrovac"]
[Date "2023.03.25"]
[Round "7.13"]
[White "Sliwicka, Alicja"]
[Black "Sargsyan, Anna M."]
[Result "0-1"]
[WhiteElo "2272"]
[BlackElo "2371"]
[Annotator "TA"]
[PlyCount "98"]
[EventDate "2023.03.15"]
[EventType "swiss"]
[EventCountry "MNE"]
[SourceTitle "playchess.com"]
[Source "ChessBase"]
[SourceQuality "1"]

1. e4 c5 2. Nf3 Nc6 3. Nc3 Nf6 4. Bb5 Nd4 5. e5 Nxb5 6. Nxb5 Nd5 7. O-O a6 8. c4 Nb6 9. Nc3 d5 10. d4 Nxc4 11. dxc5 e6 12. b3 Na5 13. Na4 Be7 14. Nb6 Rb8 15. b4 Nc6 16. Rb1 O-O 17. Bf4 Bd7 18. Qd2 Na7 19. Nd4 Nc8 20. Nxd5 exd5 21. e6 Ra8 22. exd7 Qxd7 23. Rfd1 Na7 24. Rb3 Nc6 25. Rd3 a5 26. a3 axb4 27. axb4 Rfd8 28. Ne2 Bf6 29. Ng3 Ra4 30. Nh5 Ba1 31. Rg3 g6 32. Bg5 Rda8 33. Bf6 Qf5 34. Rg5 Qe6 35. Rxd5 Bxf6 36. Rd6 gxh5 37. Rxe6 fxe6 38. g3 Rd8 39. Qe2 Rxd1+ 40. Kg2 Raa1 41. Qxe6+ Kg7 42. Qc8 Nd8 43. b5 Rd2 44. c6 bxc6 45. bxc6 Raa2 46. Qc7+ Kg6 47. Kf3 Rxf2+ 48. Ke3 Rfe2+ 49. Kf3 Ne6 0-1

[Event "European Women-ch 2023"]
[Site "Petrovac"]
[Date "2023.03.25"]
[Round "7.13"]
[White "Kejzar, Petra"]
[Black "Ismayil, Malak"]
[Result "0-1"]
[WhiteElo "2128"]
[BlackElo "2011"]
[Annotator "TA"]
[PlyCount "84"]
[EventDate "2023.03.15"]
[EventType "swiss"]
[EventCountry "MNE"]
[SourceTitle "playchess.com"]
[Source "ChessBase"]
[SourceQuality "1"]

1. d4 d5 2. Bf4 c5 3. c3 Nc6 4. Nf3 Qb6 5. Qb3 c4 6. Qxb6 axb6 7. Na3 Bf5 8. Nh4 Bd7 9. e4 e6 10. exd5 exd5 11. Nb5 Ra5 12. Nd6+ Bxd6 13. Bxd6 Nf6 14. Be2 Ne4 15. Bg3 b5 16. O-O b4 17. Bc7 bxc3 18. bxc3 Ra4 19. Rac1 O-O 20. Rc2 Rc8 21. Bg3 Rca8 22. Ra1 Ra3 23. Bf1 Rxc3 24. Rb2 Ra7 25. Nf3 Rca3 26. Bf4 c3 27. Rb5 Be6 28. Be3 Nd8 29. h3 Rxa2 30. Re1 Rb2 31. Rxb2 cxb2 32. Nd2 Nc3 33. Bd3 Nc6 34. Nb1 Ra1 35. Kf1 Nb4 36. Nxc3 Nxd3 37. Rb1 Bf5 38. g4 Rxb1+ 39. Nxb1 Be4 40. f3 Bg6 41. Bd2 Nb4 42. Na3 Nc6 0-1

[Event "European Women-ch 2023"]
[Site "Petrovac"]
[Date "2023.03.25"]
[Round "7.14"]
[White "Melia, Salome"]
[Black "Rudzinska, Michalina"]
[Result "1-0"]
[WhiteElo "2366"]
[BlackElo "2212"]
[Annotator "TA"]
[PlyCount "151"]
[EventDate "2023.03.15"]
[EventType "swiss"]
[EventCountry "MNE"]
[SourceTitle "playchess.com"]
[Source "ChessBase"]
[SourceQuality "1"]

1. e4 c6 2. d4 d5 3. exd5 cxd5 4. Bd3 Nf6 5. h3 Nc6 6. c3 g6 7. Nf3 Bf5 8. Ne5 Bxd3 9. Nxd3 Bg7 10. O-O O-O 11. Bf4 Ne4 12. Nd2 Nxd2 13. Qxd2 Na5 14. Rfe1 Re8 15. Qe3 Nc4 16. Qf3 Rc8 17. Re2 b6 18. Rae1 Qd7 19. Bg5 f6 20. Bf4 e6 21. g4 Nd6 22. Bxd6 Qxd6 23. Nf4 e5 24. dxe5 fxe5 25. Qxd5+ Qxd5 26. Nxd5 Rcd8 27. c4 Kf7 28. b3 g5 29. Kg2 h5 30. Re3 Rd7 31. gxh5 Rh8 32. Rf3+ Ke6 33. Rg3 Rxh5 34. f4 Kf5 35. fxe5 Bxe5 36. Rge3 Bd4 37. Ne7+ Kf6 38. Rf3+ Kg7 39. Nf5+ Kg6 40. Rd1 g4 41. hxg4 Rh2+ 42. Kxh2 Be5+ 43. Kg2 Rxd1 44. Ne7+ Kh6 45. Nc6 Bg7 46. Nxa7 Kg5 47. Nb5 Ba1 48. Nc3 Rc1 49. Nd5 Kxg4 50. Ne3+ Kg5 51. Rf5+ Kg6 52. Rf1 Rxf1 53. Kxf1 Kf7 54. Ke2 Ke6 55. Nd5 Bd4 56. Kd3 Bg1 57. Nc3 Kd6 58. Ne4+ Kc6 59. b4 Bh2 60. b5+ Kc7 61. Kd4 Bg1+ 62. Kd5 Be3 63. a4 Bg1 64. Nd2 Bf2 65. Nb3 Be1 66. c5 bxc5 67. Kxc5 Bf2+ 68. Kc4 Kb7 69. a5 Ka7 70. Kd5 Be1 71. Kc6 Kb8 72. b6 Ka8 73. a6 Bf2 74. Nc5 Bg3 75. Ne6 Kb8 76. a7+ 1-0